Himno del Atlético de Madrid - Estadísticas

Estadísticas generales
  • Esta prueba ha sido intentada 222 veces
  • La puntuación promedio es 106 de 130
Estadísticas de respuestas
% Correcto
a
100%
de
95%
Madrid
95%
me
93%
Atleti,
92%
Atleti!
92%
Atlético
92%
como
90%
el
89%
mejor
88%
al
87%
con
87%
Y
87%
y
87%
esta
86%
ganando,
86%
peleas
86%
Porque
86%
Calderón
85%
Vicente
85%
se
84%
pasión
83%
que
83%
afición
82%
Jugando,
82%
la
82%
Manzanares
82%
siempre
82%
Estadio
80%
un
80%
campeón
78%
voy
78%
cuando
77%
entre
76%
ve
76%
equipo
75%
estremece
75%
luchan
75%
todos
75%
Yo
75%
hermanos
74%
colores
73%
defendiendo
73%
verdad
73%
donde
72%
quedas
72%
sus
72%
tarde
72%
balón
71%
los
70%
millares
70%
coraje
68%
corazón
68%
fútbol
67%
emoción
66%
juego
66%
acuden
65%
noble
64%
sano
64%
frente
62%
ambiente
61%
derrochando
61%
llenará
60%
gustan
58%
No se encontraron pruebas coincidentes
Distribución de puntuación
Porcentaje de gente con cada puntuación
Porcentaje por número respondido
Historial de tus puntuaciones
No has intentado esta prueba.